=LDR 00000nam 2200000 4500 =001 INLIS000000000033928 =005 20130612135844 =008 ***********************************ind** =035 ##$$0010-061300000033928 =041 ##$$a ind =082 ##$$a 646.4 =090 ##$$a 646.4, Ris b =100 ##$$a Rismayana, Erna =245 ##$$a Busanakerja muslimah supel dan cantik by nina ramli, Erna rismayana =260 ##$$a 2006 $b Jakarta =300 ##$$a 32 hlm, Ilus, 22cm =650 ##$$a Mode =850 ##$$a NBPNMAT